Catálogo

Hematología : (Registro nro. 25587)

Detalles MARC
000 -LEADER
fixed length control field 01393cam a2200349 i 4500
001 - CONTROL NUMBER
control field 25587
003 - CONTROL NUMBER IDENTIFIER
control field Mx-PuUPA
005 - DATE AND TIME OF LATEST TRANSACTION
control field 20220302080741.0
008 - FIXED-LENGTH DATA ELEMENTS--GENERAL INFORMATION
fixed length control field 140415s2015 mx a fr 001 0 spa|d
020 ## - INTERNATIONAL STANDARD BOOK NUMBER
International Standard Book Number 9786071512918
040 ## - CATALOGING SOURCE
Original cataloging agency Mx-PuUPA
Language of cataloging spa
Transcribing agency Mx-PuUPA
Modifying agency Mx-PuUPA
Description conventions rda
041 0# - LANGUAGE CODE
Language code of text/sound track or separate title spa
245 00 - TITLE STATEMENT
Title Hematología :
Remainder of title la sangre y sus enfermedades /
Statement of responsibility, etc. José Carlos Jaime Pérez, David Gómez Almaguer, [editores] ; colaboradores, Carlos Almaguer Gaona [y otros veintidós]
250 ## - EDITION STATEMENT
Edition statement Cuarta edición
264 #4 - PRODUCTION, PUBLICATION, DISTRIBUTION, MANUFACTURE, AND COPYRIGHT NOTICE
Place of production, publication, distribution, manufacture México, D.F. :
Name of producer, publisher, distributor, manufacturer McGraw-Hill Interamericana Editores,
Date of production, publication, distribution, manufacture, or copyright notice ©2015
300 ## - PHYSICAL DESCRIPTION
Extent ix, 293 páginas :
Other physical details ilustraciones ;
Dimensions 27 cm
336 ## - CONTENT TYPE
Content type term texto
Fuente rdacontent
Content type code txt
337 ## - MEDIA TYPE
Media type term sin medio
Source rdamedia
Media type code n
338 ## - CARRIER TYPE
Carrier type term volumen
Source rdacarrier
Carrier type code nc
650 #4 - SUBJECT ADDED ENTRY--TOPICAL TERM
Topical term or geographic name entry element Hematología
650 #4 - SUBJECT ADDED ENTRY--TOPICAL TERM
Topical term or geographic name entry element Sangre
General subdivision Enfermedades
700 1# - ADDED ENTRY--PERSONAL NAME
Personal name Jaime Pérez, José Carlos,
Relator term editor
9 (RLIN) 9165
700 1# - ADDED ENTRY--PERSONAL NAME
Personal name Gómez Almaguer, David,
Relator term editor
700 1# - ADDED ENTRY--PERSONAL NAME
Personal name Almaguer Gaona, Carlos,
Relator term colaborador
942 ## - ADDED ENTRY ELEMENTS (KOHA)
Source of classification or shelving scheme Dewey Decimal Classification
Koha item type Libro
Classification part 616.15
Item part H487
Existencias
Withdrawn status Lost status Source of classification or shelving scheme Damaged status Not for loan Collection code Home library Current library Shelving location Date acquired Source of acquisition Total Checkouts Full call number Barcode Date last seen Price effective from Koha item type Cost, normal purchase price Copy number Cost, replacement price Total Renewals Date last checked out
    Dewey Decimal Classification     General Biblioteca Karol Wojtyla Biblioteca Karol Wojtyla Sala general 03/12/2013 Compra   616.15 H487 2015 47623 05/01/2026 03/12/2013 Reserva permanente          
    Dewey Decimal Classification     General Biblioteca Karol Wojtyla Biblioteca Karol Wojtyla Sala general 28/08/2024 12   616.15 H487 2015 100276 05/01/2026 28/08/2024 Reserva permanente 584.00 Ej.2 584.00    
    Dewey Decimal Classification     General Biblioteca Karol Wojtyla Biblioteca Karol Wojtyla Sala general 11/03/2020   33 616.15 H487 2015 96431 29/04/2026 11/03/2020 Libro   Ej.3   8 17/02/2026